[Event "HUN-chT2 Barcza 1112 "]
[Site "Hungary"]
[Date "2012.01.29"]
[Round "5"]
[White "Balogh, Laszlo"]
[Black "Eberth, Zoltan"]
[Result "1/2-1/2"]
[WhiteElo "2213"]
[BlackElo "2249"]
[PlyCount "46"]
[EventDate "2011.09.25"]
[EventType "team-tourn"]
[EventRounds "11"]
[EventCountry "HUN"]
[SourceTitle "EXT 2013"]
[Source "ChessBase"]
[SourceDate "2012.11.22"]
[SourceVersion "1"]
[SourceVersionDate "2012.11.22"]
[SourceQuality "1"]
[WhiteTeam "Sarospatak"]
[BlackTeam "Mezokovesd"]
[WhiteTeamCountry "HUN"]
[BlackTeamCountry "HUN"]

1. d4 d6 2. e4 Nf6 3. Bd3 e5 4. d5 Be7 5. Ne2 0-0 6. 0-0 Nbd7 7. c4 Ne8 8. Nbc3 g6 9. Bh6 Ng7 10. Qd2 f5 11. f4 Bf6 12. exf5 gxf5 13. Ng3 e4 14. Be2 c6 15. Kh1 Bxc3 16. bxc3 Nf6 17. dxc6 bxc6 18. Rad1 d5 19. Bg5 Be6 20. cxd5 Qxd5 21. Qe3 Qxa2 22. Bxf6 Rxf6 23. Rd2 Qb3 1/2-1/2

[Event "HUN-chT2 Barcza 1112 "]
[Site "Hungary"]
[Date "2011.09.25"]
[Round "1"]
[White "Szabo, Balazs"]
[Black "Balogh, Laszlo"]
[Result "0-1"]
[WhiteElo "2257"]
[BlackElo "2213"]
[PlyCount "134"]
[EventDate "2011.09.25"]
[EventType "team-tourn"]
[EventRounds "11"]
[EventCountry "HUN"]
[SourceTitle "EXT 2013"]
[Source "ChessBase"]
[SourceDate "2012.11.22"]
[SourceVersion "1"]
[SourceVersionDate "2012.11.22"]
[SourceQuality "1"]
[WhiteTeam "DEAC"]
[BlackTeam "Sarospatak"]
[WhiteTeamCountry "HUN"]
[BlackTeamCountry "HUN"]

1. d4 Nf6 2. Nf3 e6 3. c4 Bb4+ 4. Bd2 Qe7 5. g3 Nc6 6. Nc3 Bxc3 7. Bxc3 Ne4 8. Rc1 0-0 9. Bg2 Nxc3 10. Rxc3 d6 11. d5 Nb8 12. dxe6 fxe6 13. 0-0 a5 14. Nd4 c6 15. Qd2 e5 16. Nc2 Be6 17. Rd1 Rd8 18. Ne3 Qf7 19. Rd3 Rf8 20. Rxd6 Bxc4 21. Nxc4 Qxc4 22. Bh3 Qc5 23. e3 Na6 24. Qe2 Rae8 25. Be6+ Kh8 26. Qh5 e4 27. Qxc5 Nxc5 28. Bh3 g6 29. R1d2 Re5 30. Bf1 Kg7 31. h4 Rf6 32. R6d4 b5 33. Rc2 a4 34. Rd1 Na6 35. Rd7+ Kg8 36. a3 Rc5 37. Rcd2 Rc1 38. Kg2 Nc5 39. Re7 Rf7 40. Rxf7 Kxf7 41. Be2 Ke6 42. g4 Nb3 43. Rd8 Rc2 44. Bd1 Rxb2 45. g5 c5 46. Rh8 b4 47. axb4 cxb4 48. Rxh7 a3 49. Ra7 Nc5 50. Bg4+ Kd6 51. h5 Nd3 52. hxg6 Rxf2+ 53. Kg3 Rf8 54. Ra6+ Ke5 55. g7 Rg8 56. Re6+ Kd5 57. Re7 Nc5 58. Bd1 a2 59. Ra7 Rxg7 60. Rxa2 Rxg5+ 61. Kf2 b3 62. Ra8 Kc4 63. Rb8 Kc3 64. Kf1 b2 65. Ke2 Rg2+ 66. Kf1 Rh2 67. Rb5 Nd3 0-1

[Event "HUN-chT2 Maroczy 0910"]
[Site "Hungary"]
[Date "2009.11.22"]
[Round "2"]
[White "Balogh, Laszlo"]
[Black "Samu, Gabor Jr"]
[Result "1/2-1/2"]
[WhiteElo "2241"]
[BlackElo "2263"]
[PlyCount "62"]
[EventDate "2009.11.08"]
[EventType "team-tourn"]
[EventRounds "11"]
[EventCountry "HUN"]
[SourceTitle "EXT 2011"]
[Source "ChessBase"]
[SourceDate "2010.11.26"]
[SourceVersion "1"]
[SourceVersionDate "2010.11.26"]
[SourceQuality "1"]
[WhiteTeam "Miskolc EMSE"]
[BlackTeam "Oroshaza"]
[WhiteTeamCountry "HUN"]
[BlackTeamCountry "HUN"]

1. d4 Nf6 2. Bg5 e6 3. Nd2 Be7 4. e3 b6 5. Ngf3 Bb7 6. Bd3 0-0 7. Qe2 c5 8. c3 d5 9. Ne5 Nbd7 10. f4 Ne4 11. Bxe7 Qxe7 12. 0-0 f5 13. Nxd7 Qxd7 14. Nf3 Qe7 15. Bxe4 dxe4 16. Ne5 cxd4 17. cxd4 Rac8 18. a3 Qc7 19. Qd2 Qc2 20. Rf2 Qxd2 21. Rxd2 Bd5 22. g4 Rc7 23. gxf5 exf5 24. Re1 Rfc8 25. Kf2 Kf8 26. h4 Rc2 27. Rxc2 Rxc2+ 28. Re2 Rc7 29. Re1 Rc2+ 30. Re2 Rc7 31. Re1 Rc2+ 1/2-1/2

[Event "Eger Agria op"]
[Site "Eger"]
[Date "2009.07.24"]
[Round "4"]
[White "Becskei, Zoltan"]
[Black "Balogh, Laszlo"]
[Result "1/2-1/2"]
[WhiteElo "1999"]
[BlackElo "2256"]
[PlyCount "58"]
[EventDate "2009.07.22"]
[EventType "swiss"]
[EventRounds "7"]
[EventCountry "HUN"]
[SourceTitle "EXT 2011"]
[Source "ChessBase"]
[SourceDate "2010.11.26"]
[SourceVersion "1"]
[SourceVersionDate "2010.11.26"]
[SourceQuality "1"]

1. e4 b6 2. Nc3 Bb7 3. d4 e6 4. Bd3 Nc6 5. Nf3 Nb4 6. 0-0 Nxd3 7. Qxd3 Nf6 8. e5 Nd5 9. Ne4 Nb4 10. Qe2 Ba6 11. c4 Nc6 12. Qc2 b5 13. Bg5 Qb8 14. b3 Ba3 15. d5 Nb4 16. Qd2 bxc4 17. dxe6 fxe6 18. Rfd1 Qc8 19. bxc4 Nc6 20. Qf4 Be7 21. Bxe7 Nxe7 22. Nc5 Ng6 23. Qd4 0-0 24. Nxa6 Qxa6 25. Qxd7 Rf7 26. Qd4 Raf8 27. Rac1 Nf4 28. Qe4 Nh3+ 29. gxh3 Rxf3 1/2-1/2

[Event "Eger Agria op"]
[Site "Eger"]
[Date "2009.07.22"]
[Round "1"]
[White "Balogh, Laszlo"]
[Black "Heidrich, Mate"]
[Result "1-0"]
[WhiteElo "2256"]
[BlackElo "1941"]
[PlyCount "93"]
[EventDate "2009.07.22"]
[EventType "swiss"]
[EventRounds "7"]
[EventCountry "HUN"]
[SourceTitle "EXT 2011"]
[Source "ChessBase"]
[SourceDate "2010.11.26"]
[SourceVersion "1"]
[SourceVersionDate "2010.11.26"]
[SourceQuality "1"]

1. d4 Nf6 2. Bg5 g6 3. Bxf6 exf6 4. e3 Bg7 5. c4 d5 6. cxd5 Qxd5 7. Nc3 Qa5 8. g3 0-0 9. Bg2 c6 10. Nge2 Be6 11. 0-0 f5 12. Nf4 Na6 13. Nxe6 fxe6 14. Qb3 Qb4 15. Qxe6+ Kh8 16. Qb3 Qxb3 17. axb3 Rfd8 18. Bxc6 bxc6 19. Rxa6 Rdb8 20. Rxc6 Rxb3 21. Na4 Rab8 22. Rfc1 Bf8 23. Rc8 Rxc8 24. Rxc8 Kg8 25. Nc5 Rxb2 26. Ne6 Kf7 27. Nxf8 a5 28. Nxh7 a4 29. Ra8 Ra2 30. Ng5+ Kf6 31. h4 Ke7 32. Ra7+ Kd6 33. g4 Ra1+ 34. Kg2 fxg4 35. e4 Kc6 36. e5 Kb6 37. Ra8 Kb7 38. Ra5 Kb6 39. Rc5 a3 40. Rc8 Kb5 41. Ra8 Kb4 42. e6 Re1 43. d5 Re5 44. d6 Ra5 45. Rxa5 Kxa5 46. d7 a2 47. d8Q+ 1-0

[Event "HUN-chT2 Barcza 0809"]
[Site "Hungary"]
[Date "2009.04.05"]
[Round "10.7"]
[White "Balogh, Laszlo"]
[Black "Heidrich, Mate"]
[Result "1-0"]
[WhiteElo "2239"]
[BlackElo "1916"]
[PlyCount "83"]
[EventDate "2008.10.26"]
[EventType "team-tourn"]
[EventRounds "11"]
[EventCountry "HUN"]
[SourceTitle "EXT 2010"]
[Source "ChessBase"]
[SourceDate "2010.11.25"]
[SourceVersion "1"]
[SourceVersionDate "2010.11.25"]
[SourceQuality "1"]
[WhiteTeam "Nyiregyhaza"]
[BlackTeam "SSASSE"]
[WhiteTeamCountry "HUN"]
[BlackTeamCountry "HUN"]

1. d4 Nf6 2. Bg5 d5 3. Bxf6 exf6 4. e3 Bf5 5. Bd3 Bxd3 6. Qxd3 c6 7. Nd2 Qb6 8. Qb3 Bb4 9. c3 Be7 10. Ne2 0-0 11. 0-0 Nd7 12. Qxb6 axb6 13. Ng3 g6 14. e4 dxe4 15. Ngxe4 f5 16. Ng3 Nf6 17. Rfe1 Bd6 18. a3 Rfe8 19. Kf1 Nd5 20. Ne2 b5 21. g3 Re6 22. Ng1 Rae8 23. Ngf3 f6 24. Rxe6 Rxe6 25. a4 bxa4 26. Rxa4 c5 27. Ra8+ Kg7 28. Ra7 Re7 29. Nc4 Bb8 30. Ra8 Re8 31. dxc5 Nc7 32. Ra1 Ne6 33. b4 Nc7 34. Nd6 Re7 35. Rd1 Na8 36. Nc4 Bc7 37. Ra1 Re8 38. Ra7 Rb8 39. b5 Kh6 40. b6 Be5 41. Nfxe5 fxe5 42. Nxe5 1-0

[Event "Eger Tel op"]
[Site "Eger"]
[Date "2009.01.30"]
[Round "3"]
[White "Balogh, Laszlo"]
[Black "Medvegyne Balogh, Emese"]
[Result "1-0"]
[WhiteElo "2240"]
[BlackElo "2031"]
[PlyCount "47"]
[EventDate "2009.01.29"]
[EventType "swiss"]
[EventRounds "7"]
[EventCountry "HUN"]
[SourceTitle "EXT 2011"]
[Source "ChessBase"]
[SourceDate "2010.11.26"]
[SourceVersion "1"]
[SourceVersionDate "2010.11.26"]
[SourceQuality "1"]

1. d4 d5 2. Bg5 Nd7 3. c4 c6 4. cxd5 Qa5+ 5. Nc3 cxd5 6. Nf3 Ngf6 7. Bd2 Qb6 8. g3 e6 9. Bg2 Bd6 10. 0-0 0-0 11. a3 h6 12. Na4 Qd8 13. b4 Ne4 14. Qc1 Nxd2 15. Qxd2 Nf6 16. Ne5 Bxe5 17. dxe5 Nd7 18. Qd4 b6 19. e4 Bb7 20. exd5 Bxd5 21. Bxd5 exd5 22. Qxd5 Qe8 23. Rfe1 Nxe5 24. Nb2 1-0

[Event "Eger Tel op"]
[Site "Eger"]
[Date "2009.01.29"]
[Round "1"]
[White "Balogh, Laszlo"]
[Black "Benedek, Istvan"]
[Result "1-0"]
[WhiteElo "2240"]
[BlackElo "1855"]
[PlyCount "63"]
[EventDate "2009.01.29"]
[EventType "swiss"]
[EventRounds "7"]
[EventCountry "HUN"]
[SourceTitle "EXT 2011"]
[Source "ChessBase"]
[SourceDate "2010.11.26"]
[SourceVersion "1"]
[SourceVersionDate "2010.11.26"]
[SourceQuality "1"]

1. d4 d5 2. Bg5 c6 3. Nf3 Qc7 4. e3 Nd7 5. Bf4 Qd8 6. c4 Ngf6 7. Nc3 e6 8. Bd3 Bb4 9. 0-0 dxc4 10. Bxc4 Bxc3 11. bxc3 0-0 12. Qc2 h6 13. e4 Re8 14. Rad1 Qa5 15. e5 Nd5 16. Bd2 Qd8 17. Bd3 Qe7 18. Rb1 Qd8 19. c4 Nc7 20. Bb4 Nf8 21. Bd6 Na6 22. Nd2 f5 23. f4 g6 24. Kh1 Nh7 25. g4 Kf7 26. d5 c5 27. dxe6+ Bxe6 28. gxf5 gxf5 29. Rxb7+ Kg8 30. Bxf5 Nf8 31. Bxe6+ Rxe6 32. Rg1+ 1-0

[Event "HUN-chT2 Barcza 0809"]
[Site "Hungary"]
[Date "2008.12.21"]
[Round "4.6"]
[White "Balogh, Laszlo"]
[Black "Mate, Balazs"]
[Result "1/2-1/2"]
[WhiteElo "2239"]
[BlackElo "2171"]
[PlyCount "70"]
[EventDate "2008.10.26"]
[EventType "team-tourn"]
[EventRounds "11"]
[EventCountry "HUN"]
[SourceTitle "EXT 2010"]
[Source "ChessBase"]
[SourceDate "2010.11.25"]
[SourceVersion "1"]
[SourceVersionDate "2010.11.25"]
[SourceQuality "1"]
[WhiteTeam "Nyiregyhaza"]
[BlackTeam "Hajduszoboszlo"]
[WhiteTeamCountry "HUN"]
[BlackTeamCountry "HUN"]

1. d4 c5 2. d5 e5 3. e4 d6 4. Nc3 Nf6 5. Be2 Be7 6. Nf3 0-0 7. Nd2 Na6 8. 0-0 Nc7 9. a4 Nfe8 10. Bg4 Bd7 11. Bxd7 Qxd7 12. Nc4 f5 13. exf5 Qxf5 14. Ne3 Qg6 15. Qg4 Qxg4 16. Nxg4 Nf6 17. Ne3 Nd7 18. Nc4 Nb6 19. Nxb6 axb6 20. Be3 Ra5 21. Rab1 Na6 22. Rfe1 Nb4 23. Re2 Rf5 24. g4 Rf7 25. b3 Ra8 26. Ne4 Na6 27. Kg2 Nb8 28. Rf1 Nd7 29. c4 Raf8 30. f3 h6 31. Ng3 Nf6 32. h3 Ne8 33. Nf5 Kh7 34. Ref2 Bg5 35. Bxg5 hxg5 1/2-1/2

[Event "HUN-chT2 Barcza 0809"]
[Site "Hungary"]
[Date "2008.10.26"]
[Round "1.5"]
[White "Balogh, Laszlo"]
[Black "Farkas, Lajos1111"]
[Result "1-0"]
[WhiteElo "2239"]
[BlackElo "1964"]
[PlyCount "73"]
[EventDate "2008.10.26"]
[EventType "team-tourn"]
[EventRounds "11"]
[EventCountry "HUN"]
[SourceTitle "EXT 2010"]
[Source "ChessBase"]
[SourceDate "2010.11.25"]
[SourceVersion "1"]
[SourceVersionDate "2010.11.25"]
[SourceQuality "1"]
[WhiteTeam "Nyiregyhaza"]
[BlackTeam "Debrecen Betu"]
[WhiteTeamCountry "HUN"]
[BlackTeamCountry "HUN"]

1. d4 d5 2. Bg5 c6 3. Nf3 Nd7 4. e3 Ngf6 5. Nbd2 e6 6. Bd3 Be7 7. 0-0 0-0 8. c3 b6 9. Qe2 Bb7 10. Ne5 Nxe5 11. dxe5 Nd7 12. Bxe7 Qxe7 13. f4 g6 14. Rf3 f6 15. exf6 Rxf6 16. e4 Raf8 17. Raf1 R6f7 18. e5 Nc5 19. Bc2 Ba6 20. c4 Nd7 21. R1f2 dxc4 22. Qe4 Nc5 23. Qe3 Rd8 24. Ne4 Nxe4 25. Qxe4 c5 26. Ra3 Bb5 27. Qe2 a6 28. Qg4 Rd4 29. h4 Rg7 30. Qh3 a5 31. h5 gxh5 32. Rg3 Be8 33. Rxg7+ Kxg7 34. g4 hxg4 35. Qxh7+ Kf8 36. Qh8+ Kf7 37. Rh2 1-0

[Event "Eger Osz op"]
[Site "Eger"]
[Date "2008.10.24"]
[Round "5"]
[White "Balogh, Laszlo"]
[Black "Korpa, Bence"]
[Result "1-0"]
[WhiteElo "2239"]
[BlackElo "2033"]
[PlyCount "127"]
[EventDate "2008.10.22"]
[EventType "swiss"]
[EventRounds "7"]
[EventCountry "HUN"]
[SourceTitle "EXT 2011"]
[Source "ChessBase"]
[SourceDate "2010.11.26"]
[SourceVersion "1"]
[SourceVersionDate "2010.11.26"]
[SourceQuality "1"]

1. d4 d5 2. Bg5 Nf6 3. Bxf6 exf6 4. e3 c6 5. Bd3 Bd6 6. Nd2 0-0 7. Qh5 g6 8. Qf3 Nd7 9. Ne2 f5 10. c4 Nf6 11. Nc3 Be6 12. cxd5 Nxd5 13. 0-0 Qh4 14. g3 Qh3 15. Bc4 Nxc3 16. bxc3 Bxc4 17. Nxc4 Bc7 18. Qg2 Qxg2+ 19. Kxg2 b6 20. Nb2 Bd6 21. Rfd1 c5 22. Nc4 Be7 23. Ne5 cxd4 24. cxd4 Rac8 25. Rac1 Ba3 26. Rxc8 Rxc8 27. d5 Rd8 28. Nc6 Rd7 29. f3 f6 30. e4 fxe4 31. fxe4 Bb2 32. Kf3 Kf7 33. g4 Be5 34. h4 Bd6 35. g5 a6 36. Re1 Be5 37. a4 Rc7 38. Rb1 b5 39. axb5 axb5 40. Rxb5 Bd6 41. Rb3 Rc8 42. Ke2 Re8 43. Kf3 Rc8 44. gxf6 Kxf6 45. Ke2 Re8 46. Rf3+ Kg7 47. Kd3 h6 48. Kd4 Ra8 49. Ne5 Ra4+ 50. Nc4 Bb8 51. Kd3 Rb4 52. e5 Rb3+ 53. Ke4 Rb4 54. Rc3 Kf7 55. Rc2 Ke7 56. h5 gxh5 57. Kf5 Rb3 58. Na5 Rb5 59. Nc6+ Kd7 60. Nxb8+ Rxb8 61. Ra2 Rb7 62. Ra6 Rb5 63. Ra7+ Kd8 64. d6 1-0

[Event "Eger Osz op"]
[Site "Eger"]
[Date "2008.10.24"]
[Round "4"]
[White "Kovacs, Lajos1111"]
[Black "Balogh, Laszlo"]
[Result "1/2-1/2"]
[WhiteElo "2057"]
[BlackElo "2239"]
[PlyCount "29"]
[EventDate "2008.10.22"]
[EventType "swiss"]
[EventRounds "7"]
[EventCountry "HUN"]
[SourceTitle "EXT 2011"]
[Source "ChessBase"]
[SourceDate "2010.11.26"]
[SourceVersion "1"]
[SourceVersionDate "2010.11.26"]
[SourceQuality "1"]

1. d4 Nf6 2. c4 e6 3. Nc3 Bb4 4. Qc2 Nc6 5. Nf3 0-0 6. a3 Bxc3+ 7. Qxc3 d6 8. Bg5 Qe7 9. e4 e5 10. d5 Nd4 11. Nxd4 exd4 12. Qxd4 Qxe4+ 13. Qxe4 Nxe4 14. Be3 a5 15. f3 1/2-1/2

[Event "Eger Osz op"]
[Site "Eger"]
[Date "2008.10.23"]
[Round "3"]
[White "Balogh, Laszlo"]
[Black "Bujdoso, Bela"]
[Result "1-0"]
[WhiteElo "2239"]
[BlackElo "1980"]
[PlyCount "93"]
[EventDate "2008.10.22"]
[EventType "swiss"]
[EventRounds "7"]
[EventCountry "HUN"]
[SourceTitle "EXT 2011"]
[Source "ChessBase"]
[SourceDate "2010.11.26"]
[SourceVersion "1"]
[SourceVersionDate "2010.11.26"]
[SourceQuality "1"]

1. d4 Nf6 2. Bg5 d5 3. Bxf6 gxf6 4. e3 c5 5. c3 cxd4 6. cxd4 Nc6 7. Nc3 Bg7 8. g3 h5 9. h4 Kf8 10. Bg2 e6 11. Nge2 Bh6 12. Nc1 Ke7 13. Bf3 Qd6 14. N1e2 a6 15. Nf4 Bxf4 16. gxf4 Bd7 17. Bxh5 Rh7 18. Bf3 Rah8 19. h5 b5 20. Qd2 Na7 21. Ne2 f5 22. Nc1 f6 23. Nd3 Be8 24. Qe2 b4 25. 0-0-0 Bb5 26. Kb1 a5 27. Qd2 Be8 28. Rdg1 Nb5 29. Rg3 Bf7 30. Rgh3 Rb8 31. Ka1 Qb6 32. Qc2 Rhh8 33. Qc5+ Nd6 34. Qxb6 Rxb6 35. h6 Rc6 36. Rc1 Rxc1+ 37. Nxc1 Nc4 38. b3 Nd2 39. Be2 Ne4 40. Rh2 Bg6 41. Kb2 Nd6 42. Nd3 Be8 43. Nc5 Bc6 44. a3 Ne4 45. axb4 axb4 46. Na6 Bd7 47. Nxb4 1-0

[Event "Eger Osz op"]
[Site "Eger"]
[Date "2008.10.22"]
[Round "1"]
[White "Balogh, Laszlo"]
[Black "Rakos, Adam"]
[Result "1/2-1/2"]
[WhiteElo "2239"]
[BlackElo "1855"]
[PlyCount "53"]
[EventDate "2008.10.22"]
[EventType "swiss"]
[EventRounds "7"]
[EventCountry "HUN"]
[SourceTitle "EXT 2011"]
[Source "ChessBase"]
[SourceDate "2010.11.26"]
[SourceVersion "1"]
[SourceVersionDate "2010.11.26"]
[SourceQuality "1"]

1. d4 d5 2. Bg5 Bf5 3. e3 Nf6 4. Bxf6 exf6 5. Bd3 Bxd3 6. Qxd3 c6 7. Ne2 Bd6 8. 0-0 0-0 9. c4 Nd7 10. cxd5 cxd5 11. Nbc3 Nb6 12. Qf5 Rc8 13. Rac1 Re8 14. Qf3 Qd7 15. Rfd1 Rc7 16. g3 Bb4 17. a3 Bxc3 18. Rxc3 Rec8 19. Rxc7 Rxc7 20. Nc3 h6 21. e4 dxe4 22. Qxe4 Qe6 23. Qf4 Rc8 24. Qf3 Qb3 25. d5 Qxb2 26. Ne2 Qe5 27. Nf4 1/2-1/2

[Event "Eger Tavasz op"]
[Site "Eger"]
[Date "2008.05.01"]
[Round "1"]
[White "Balogh, Laszlo"]
[Black "Hever, Janos"]
[Result "1-0"]
[WhiteElo "2203"]
[BlackElo "1823"]
[PlyCount "115"]
[EventDate "2008.05.01"]
[EventType "swiss"]
[EventRounds "7"]
[EventCountry "HUN"]
[SourceTitle "EXT 2011"]
[Source "ChessBase"]
[SourceDate "2010.11.26"]
[SourceVersion "1"]
[SourceVersionDate "2010.11.26"]
[SourceQuality "1"]

1. d4 Nf6 2. Bg5 e6 3. Nd2 Be7 4. Ngf3 d5 5. e3 h6 6. Bh4 a6 7. Bd3 Nbd7 8. c3 c5 9. 0-0 0-0 10. Qe2 Nh7 11. Bg3 Ng5 12. Ne5 Nxe5 13. Bxe5 f6 14. Bg3 c4 15. Bc2 f5 16. Be5 Bf6 17. Bxf6 Qxf6 18. f4 Nh7 19. Nf3 Bd7 20. Ne5 Be8 21. b3 b5 22. bxc4 bxc4 23. Rab1 Qd8 24. Bd1 Rb8 25. Rxb8 Qxb8 26. Qc2 Nf6 27. Bf3 Nd7 28. Rb1 Qc7 29. Nxd7 Bxd7 30. Qb2 Bb5 31. Qb4 Qc6 32. Bd1 Qc7 33. a4 Bd7 34. Qb7 Qxb7 35. Rxb7 Bc8 36. Ra7 Rf7 37. Ra8 Rf8 38. Rb8 g6 39. a5 Bd7 40. Rb6 Ra8 41. Rb7 Bb5 42. g4 Be8 43. Kf2 Bc6 44. Rc7 Be8 45. gxf5 gxf5 46. Bf3 Bf7 47. Rxc4 Rb8 48. Rc6 Rb3 49. Rxa6 Rxc3 50. Rb6 Kg7 51. a6 Ra3 52. Rb7 Kf6 53. a7 Ra2+ 54. Ke1 h5 55. h4 Bg6 56. Rc7 Bf7 57. Be2 Be8 58. Rc8 1-0

[Event "Eger Tel op"]
[Site "Eger"]
[Date "2008.01.25"]
[Round "3"]
[White "Balogh, Laszlo"]
[Black "Tesik, Csaba"]
[Result "1-0"]
[WhiteElo "2201"]
[BlackElo "2023"]
[PlyCount "93"]
[EventDate "2008.01.24"]
[EventType "swiss"]
[EventRounds "7"]
[EventCountry "HUN"]
[SourceTitle "EXT 2011"]
[Source "ChessBase"]
[SourceDate "2010.11.26"]
[SourceVersion "1"]
[SourceVersionDate "2010.11.26"]
[SourceQuality "1"]

1. d4 Nf6 2. Nc3 d5 3. Bg5 Nbd7 4. Nf3 e6 5. e3 Be7 6. Bd3 h6 7. Bh4 0-0 8. 0-0 c5 9. Ne5 a6 10. a4 Qc7 11. f4 b6 12. Qf3 Bb7 13. g4 Nxe5 14. fxe5 Nh7 15. Bxe7 Qxe7 16. Bxh7+ Kxh7 17. a5 b5 18. Qg3 Rac8 19. Rf2 f6 20. Raf1 Bc6 21. Qh4 g5 22. exf6 Qa7 23. Qg3 cxd4 24. exd4 Qxd4 25. Rd1 Qa7 26. Qe5 Rce8 27. Re1 Rf7 28. Ne2 Bd7 29. Nd4 Qc5 30. Re3 b4 31. h4 Rg8 32. Nxe6 Qc4 33. Rg2 Bxe6 34. Qxe6 Qc7 35. Qf5+ Kh8 36. hxg5 Qa7 37. Qf2 Rxg5 38. Re8+ Kh7 39. Qxa7 Rxa7 40. Re6 Kg6 41. Rb6 Re5 42. Rf2 Kf7 43. Rxb4 Rg5 44. Kh2 h5 45. gxh5 Rxh5+ 46. Kg3 Rh6 47. Rb6 1-0

[Event "HUN-chT2 Maroczy 0607"]
[Site "Hungary"]
[Date "2007.05.06"]
[Round "10"]
[White "Berek, Geza"]
[Black "Balogh, Laszlo"]
[Result "1-0"]
[WhiteElo "2093"]
[BlackElo "2189"]
[PlyCount "79"]
[EventDate "2006.11.12"]
[EventType "team"]
[EventRounds "11"]
[EventCountry "HUN"]
[SourceTitle "EXT 2008"]
[Source "ChessBase"]
[SourceDate "2007.11.25"]
[SourceVersion "1"]
[SourceVersionDate "2007.11.25"]
[SourceQuality "1"]
[WhiteTeam "DEAC"]
[BlackTeam "Sarospatak"]
[WhiteTeamCountry "HUN"]
[BlackTeamCountry "HUN"]

1. e4 e6 2. d4 d5 3. Nd2 Nc6 4. Ngf3 Nf6 5. e5 Nd7 6. Nb3 b6 7. Bb5 Ncb8 8. Bg5 Be7 9. Qd2 c6 10. Bxe7 Qxe7 11. Be2 Ba6 12. Bxa6 Nxa6 13. Qe2 Nab8 14. 0-0 0-0 15. c3 c5 16. Rfe1 Nc6 17. Rac1 c4 18. Nbd2 b5 19. a3 Rfb8 20. Ra1 a5 21. Nf1 b4 22. axb4 axb4 23. Ne3 Na5 24. Qc2 Nb3 25. Rxa8 Rxa8 26. Nd2 Nxd2 27. Qxd2 Nf8 28. cxb4 Rb8 29. Nc2 Qc7 30. Ra1 Ng6 31. Qc3 Rc8 32. Ra5 Nf4 33. Kf1 Nd3 34. Ne1 Nxe1 35. Rc5 Qb7 36. Rxc8+ Qxc8 37. Kxe1 f6 38. exf6 gxf6 39. b5 Qb8 40. Qg3+ 1-0